Cuộc đời chúng tôi Tiểu sử Karl Marx và Fridric Engels

Đã lưu trong:
Bibliografiske detaljer
Hovedforfatter: H Ghemkov
Format: Bog
Sprog:Undetermined
Udgivet: Hà Nội Chính trị Quốc gia 2000
Fag:
Tags: Tilføj Tag
Ingen Tags, Vær først til at tagge denne postø!
Thư viện lưu trữ: Trung tâm Học liệu Trường Đại học Cần Thơ
LEADER 00579nam a2200181Ia 4500
001 CTU_40004
008 210402s9999 xx 000 0 und d
082 |a 324.2075092 
082 |b G412 
100 |a H Ghemkov 
245 0 |a Cuộc đời chúng tôi 
245 0 |b Tiểu sử Karl Marx và Fridric Engels 
245 0 |c H Ghemkov; Dịch giả: Lê Phương ...[et al.] 
260 |a Hà Nội 
260 |b Chính trị Quốc gia 
260 |c 2000 
650 |a communists - russia - biography 
980 |a Trung tâm Học liệu Trường Đại học Cần Thơ